| 000 | 00857nam a22002657a 4500 | ||
|---|---|---|---|
| 003 | 0 | ||
| 005 | 20180728171102.0 | ||
| 008 | 0 | ||
| 010 | _aB-167118 | ||
| 020 |
_c325.00 _a9788125026402 |
||
| 035 | _aB-167118, B-167119 | ||
| 037 | _bCen Lib/Ret | ||
| 040 |
_aDPL _bEN _c0 |
||
| 082 |
_a327 _bBAJ |
||
| 100 |
_aBajpai, Kanti _95331 |
||
| 245 |
_aInternational relations in India : _cby Kanti Bajpai [and] Siddharth Mallavarapu _btheorising the region and nation / |
||
| 260 |
_aHyderabad _bOrient Longman _c2004 |
||
| 270 |
_bHyderabad _a3-6-725 Himayatnagar |
||
| 300 |
_a414p. _c21cm(Hb) |
||
| 500 | _aIncludes index | ||
| 650 |
_aInternational relations _986309 |
||
| 650 |
_aअंतर्राष्ट्रीय सम्बन्ध _986310 |
||
| 700 |
_aMallavarapu, Siddharth _95334 |
||
| 942 |
_2ddc _cEN _h327 _mBAJ |
||
| 999 |
_c123307 _d123307 |
||